[Event "Harburg-chH 5th"]
[Site "Hamburg"]
[Date "2007.07.08"]
[Round "4"]
[White "Meder, Sebastian"]
[Black "Altenburg, Nils"]
[Result "1/2-1/2"]
[WhiteElo "1478"]
[BlackElo "1605"]
[PlyCount "47"]
[EventDate "2007.07.06"]
[EventType "tourn"]
[EventRounds "5"]
[EventCountry "GER"]
[SourceTitle "EXT 2008"]
[Source "ChessBase"]
[SourceDate "2007.11.25"]
[SourceVersion "1"]
[SourceVersionDate "2007.11.25"]
[SourceQuality "1"]

1. d4 c6 2. e3 d5 3. Nf3 Bg4 4. c4 Nd7 5. c5 e5 6. Be2 e4 7. Nfd2 Bxe2 8. Qxe2 Ngf6 9. Nc3 b6 10. b4 Qc7 11. 0-0 Be7 12. f3 exf3 13. Qxf3 0-0 14. e4 Nxe4 15. Ncxe4 dxe4 16. Nxe4 Nf6 17. Nxf6+ Bxf6 18. Qg4 Qe7 19. Kh1 Kh8 20. Bb2 Rab8 21. Rae1 Qd8 22. Rd1 Qe7 23. Rde1 Qd8 24. Rd1 1/2-1/2

[Event "Harburg-chH 5th"]
[Site "Hamburg"]
[Date "2007.07.06"]
[Round "1"]
[White "Meder, Sebastian"]
[Black "Klawitter, Bernd"]
[Result "1-0"]
[WhiteElo "1478"]
[BlackElo "1513"]
[PlyCount "63"]
[EventDate "2007.07.06"]
[EventType "tourn"]
[EventRounds "5"]
[EventCountry "GER"]
[SourceTitle "EXT 2008"]
[Source "ChessBase"]
[SourceDate "2007.11.25"]
[SourceVersion "1"]
[SourceVersionDate "2007.11.25"]
[SourceQuality "1"]

1. d4 Nf6 2. Nf3 e6 3. Bd2 Bd6 4. e3 a6 5. Bd3 h6 6. c4 b6 7. e4 Be7 8. Nc3 Bb7 9. e5 Nh7 10. Ne4 Ng5 11. Nfxg5 hxg5 12. Qe2 Nc6 13. Bc3 Nb4 14. f3 Nxd3+ 15. Qxd3 g4 16. f4 Bxe4 17. Qxe4 Bh4+ 18. g3 Bxg3+ 19. hxg3 Rh3 20. Rxh3 gxh3 21. 0-0-0 g5 22. fxg5 Qxg5+ 23. Bd2 Qd8 24. Qh7 d5 25. Qg8+ Kd7 26. Qxf7+ Qe7 27. Qxe7+ Kxe7 28. Bg5+ Kd7 29. b3 c6 30. Rh1 Rh8 31. Bh4 Rf8 32. Bf6 1-0